| 000 | 00788nam a2200241 a 4500 | ||
|---|---|---|---|
| 999 |
_c11528 _d11528 |
||
| 001 | 11528 | ||
| 003 | BD-JhCC | ||
| 005 | 20220606134024.0 | ||
| 008 | 180624b19972009bg |||| ||a| 000 0 ben d | ||
| 020 | _a9847015700072 | ||
| 035 | _a(BD-JhCC)11528 | ||
| 040 |
_aBD-JhCC _dBD-JhCC |
||
| 041 | _aben | ||
| 082 |
_bCHA 2009 _a891.443 |
||
| 100 | _aচন্দর, কৃষণ | ||
| 245 |
_aহংকং-এ একরাত / _cকৃষণ চন্দর, অনু: মোস্তফা হারুণ । |
||
| 260 |
_aঢাকা: _bমাওলা ব্রাদার্স; _c২০০৯. |
||
| 300 |
_a৮৮ পৃ. : _c২১ সেমি. |
||
| 650 | _aNovel | ||
| 700 | _aহারুণ, মোস্তফা | ||
| 942 |
_2ddc _cBK _01 |
||